¿Qué es el capital cibernético? /
El documento explora el concepto de capital cibernético, un término emergente en la era digital que se refiere a la acumulación de valor económico y poder a través de la explotación de datos y tecnologías de la información. Sai desentraña cómo las empresas y plataformas tecnológicas han transformado...
Gespeichert in:
| 1. Verfasser: | |
|---|---|
| Format: | Buch |
| Sprache: | Spanish |
| Schlagworte: | |
| Tags: |
Tag hinzufügen
Keine Tags, Fügen Sie den ersten Tag hinzu!
|
MARC
| LEADER | 00000nam a22000007a 4500 | ||
|---|---|---|---|
| 003 | cru IIS | ||
| 005 | 20230829131357.0 | ||
| 007 | ta | ||
| 008 | 220502s2021 ag |||p|r|||| 00| 0 spa d | ||
| 040 | |c cru IIS | ||
| 100 | 1 | |9 10394 |a Sai, Leonardo Fabián |e Autor | |
| 245 | 1 | |a ¿Qué es el capital cibernético? / |c Leonardo Fabián Sai | |
| 300 | |a páginas 61-68 | ||
| 520 | |a El documento explora el concepto de capital cibernético, un término emergente en la era digital que se refiere a la acumulación de valor económico y poder a través de la explotación de datos y tecnologías de la información. Sai desentraña cómo las empresas y plataformas tecnológicas han transformado la generación y explotación de datos en una nueva forma de capital, influyendo en la economía global y en las relaciones de poder. El autor examina cómo el capital cibernético no solo abarca la obtención de datos, sino también su procesamiento y análisis, generando un valor económico significativo en la economía digital actual. Además, Sai reflexiona sobre cómo este nuevo tipo de capital impacta en la vida cotidiana, la política y la sociedad en general, afectando tanto a individuos como a instituciones. El libro ofrece una mirada crítica a la intersección entre la tecnología, la economía y la política, y plantea importantes interrogantes sobre la concentración de poder, la privacidad y la justicia en la era digital.RAR | ||
| 650 | 0 | |2 OCDE |9 1714 |a TECNOLOGIA DE LA INFORMACION | |
| 650 | 0 | |2 OCDE |9 6349 |a PODER ECONOMICO | |
| 650 | 0 | |2 UNESCO |9 1694 |a POLITICA TECNOLOGICA | |
| 650 | 0 | |2 UNESCO |9 2090 |a SOCIEDAD DE LA INFORMACION | |
| 773 | 0 | |0 19022 |9 7038 |a Fundación Friedrich Ebert |d Fundación Friedrich Ebert; Nueva Sociedad Buenos Aires, Argentina |o 22549 |t Nueva Sociedad / | |
| 942 | |2 ddc |c PP | ||
| 999 | |c 44204 |d 44204 | ||
